Film di Martin Scorsese per immagini - Morte improvvisa - Statistics

Statistiche generali
  • Questo quiz è stato fatto 202 volte
    45 dall'ultimo reset
  • Il punteggio medio è 5 su 8
Answers on the Grid
Answers color-coded by a green-red scale on the quiz's grid according to % correct below.
 
Statistiche sulle risposte
Risposta % Corretto
Shutter Island
75%
The Departed - Il bene e il male
75%
The Wolf of Wall Street
71%
Killers of the Flower Moon
61%
Gangs of New York
61%
Quei bravi ragazzi
50%
The Irishman
46%
L'ultima tentazione di Cristo
25%
Nessun quiz corrispondente trovato
Distribuzione punteggi
Percentuale di utenti per punteggio
Percentile per numero di risposta
I tuoi punteggi nel tempo
Non hai fatto questo quiz dall'ultimo reset